| 000 | 00912nas a2200313 4500 | ||
|---|---|---|---|
| 001 | BR0905395 | ||
| 003 | BR-BrBNA | ||
| 005 | 20231205113651.0 | ||
| 007 | ta | ||
| 008 | 230509b bl.|||p| |||| 00| 00por d | ||
| 040 |
_aBR-BrBNA _bpor _cBiblioteca Nacional de Agricultura |
||
| 041 | _a(Pt) | ||
| 072 | _aF30; F01 | ||
| 100 | 1 | _aMüller, D.R. | |
| 100 | 1 | _aBisognin, D.A. | |
| 100 | 1 | _aAndriolo, J.L. | |
| 100 | 1 | _aMorin Junior, G.R. | |
| 100 | 1 | _aGnocato, F.S. | |
| 245 | 1 | _aExpressão dos caracteres e seleção de clones de batata nas condições de cultivo de primavera e outono | |
| 650 | _aBATATA | ||
| 650 | _aMATÉRIA SECA | ||
| 650 | _aAMIDO | ||
| 650 | _aAMILOSE | ||
| 650 | _aCLONE | ||
| 650 | _aSELEÇÃO | ||
| 773 | 0 |
_tCiência Rural (Brazil) _xISSN 0103-8478 _g(Aug 2009), v. 39(5) p. 1227-1334 _wBR0905395 |
|
| 909 |
_a202311 _bLúcia _c55 _dLúcia Elande |
||
| 942 |
_2AGRIS _n0 _cANA |
||
| 999 |
_c204970 _d204970 |
||